| 000 | 00543nam a22001577a 4500 | ||
|---|---|---|---|
| 999 |
_c535576 _d535576 |
||
| 020 | _qHard Cover. | ||
| 082 | _a624.1 | ||
| 100 | _aFarooq, Khalid | ||
| 245 |
_aEvaluating the knowledge management practices of construction firms in Pakistan / _cKhalid Farooq. |
||
| 260 |
_aIslamabad: _bNIT NUST, _c2014. |
||
| 300 |
_a164 p. : _bill. ; _c30cm. |
||
| 942 |
_2ddc _cTHE |
||
| 650 |
_aConstruction Engineering and Management MS-Thesis. _917023 |
||
| 700 |
_aDr. Muhammad Babar Khan _929015 |
||